Dona bruxa gorducha (Registo nº 3997)

Detalhes MARC
000 -Etiqueta do registo
Cabeçalho 00832cam a2200313 4500
005 - Identificador da versão
Campo de controlo 20240813122050.0
095 ## -
-- PTBN00795650
010 ## - Número internacional normalizado dos livros (ISBN)
Número (ISBN) 972701089X
021 ## - Número do Depósito Legal
Código do país PT
Número 91640/95
100 ## - Dados gerais de processamento
Dados gerais de processamento 19960212d1995 cd y0pory5003 ba
102 ## - Pais de publicação ou produção
País de publicação Portugal
101 0# - Língua de publicação
Língua do texto, banda sonora, etc. Português
106 ## - Campo de dados codificados: material textual
Dados codificados do material textual d
105 ## - Campo de dados codificados: livros
Dados codificados dos livros a z 000ay
215 ## - Descrição física 
Indicação específica da natureza do documento e extensão da espécie 32 p.
Outras indicações físicas il.
Dimensões 25 cm
200 1# - Titulo e menção de responsabilidade
Título próprio Dona bruxa gorducha
Primeira menção de responsabilidade Anabela Mimoso
Outras menções de responsabilidade il. João Caetano
225 1# - Colecção 
Título próprio da colecção Barquinhos de Papel
205 ## - Menção da edição
Menção da edição [1a ed.]
210 ## - Publicação, Distribuição, etc. 
Lugar da edição, distribuição, etc. Coimbra
Nome do editor, distribuidor, etc. Livraria Arnado
Data da publicação, distribuição, etc. 1995
675 ## - Classificação Decimal Universal (CDU)
Notação 087.5
Edição BN
Língua da edição por
Notação 821.134.3-93"19"
Edição BN
Língua da edição por
Notação 821.134.3-34"19"
Edição BN
Língua da edição por
702 #1 - Nome de autor-pessoa física (responsabilidade secundária)
Número de registo de entrada de autoridade 0000004
Palavra de ordem Caetano
Outra parte do nome não tomada para palavra de ordem João
Código de função Ilustrador / Técnico de desenho computorizado
700 #1 - Nome de autor-pessoa física (responsabilidade principal)
Número de registo de entrada de autoridade 0000469
Palavra de ordem Mimoso
Outra parte do nome não tomada para palavra de ordem Anabela
942 ## - Elementos de entrada adicionados (Koha)
Tipo de item no Koha Livro
Exemplares
Situação do levantamento Origin of item (home branch) (coded) Biblioteca de empréstimo Código de barras Cota Circulation type (not for loan) Tipo de documento Nota do exemplar Damaged status
  Biblioteca Escolar das Vendas Biblioteca Escolar das Vendas BEV374 8POR MIM   Livro Sem mensagem